Taj v Ali (Record no. 65162)

MARC details
000 -LEADER
fixed length control field 01316cam a2200229 4500
001 - CONTROL NUMBER
control field ABS63050
008 - FIXED-LENGTH DATA ELEMENTS--GENERAL INFORMATION
fixed length control field 000000n2000 000 0 eng u
035 ## - SYSTEM CONTROL NUMBER
System control number (Sirsi) u109138
245 ## - TITLE STATEMENT
Title Taj v Ali
260 ## - PUBLICATION, DISTRIBUTION, ETC.
Date of publication, distribution, etc. 2000
490 ## - SERIES STATEMENT
Series statement Estates Gazette
Volume/sequential designation [2000] 43 EG 13 April 2000, 183-185(3)
520 ## - SUMMARY, ETC.
Summary, etc. CA 13 April 2000. A CC judge made an order for possession of a property belonging to A on the grounds of arrears of rent owed by the tenant (B). By consent, B agreed to pay A £14,503 rent arrears plus interest, less an agreed deduction for breach of A's repairing obligations. However, the judge suspended the possession order on terms that the tenant should pay the current rent of £49 per week, and £5 towards discharge of the debt. This meant the debt would not be paid off for 55 years. A appealed. Held, appeal allowed. An order for possession was made within 28 days. Suspended possession orders should not be made in cases where this would involve the payment of arrears over an almost indefinite period.
590 ## - LOCAL NOTE (RLIN)
Local note ABS
650 ## - SUBJECT ADDED ENTRY--TOPICAL TERM
Topical term or geographic name entry element POSSESSION PROCEEDINGS
650 ## - SUBJECT ADDED ENTRY--TOPICAL TERM
Topical term or geographic name entry element RENT ACT 1977
650 ## - SUBJECT ADDED ENTRY--TOPICAL TERM
Topical term or geographic name entry element RENT ARREARS
650 ## - SUBJECT ADDED ENTRY--TOPICAL TERM
Topical term or geographic name entry element SUSPENDED POSSESSION ORDERS
650 ## - SUBJECT ADDED ENTRY--TOPICAL TERM
Topical term or geographic name entry element REPAIRS
650 ## - SUBJECT ADDED ENTRY--TOPICAL TERM
Topical term or geographic name entry element TAJ V ALI
690 ## - LOCAL SUBJECT ADDED ENTRY--TOPICAL TERM (OCLC, RLIN)
Topical term or geographic name as entry element LANDLORD AND TENANT-RESIDENTIAL TENANCIES-CASE LAW
942 ## - ADDED ENTRY ELEMENTS (KOHA)
Suppress in OPAC 0
Holdings
Withdrawn status Lost status Source of classification or shelving scheme Damaged status Not for loan Home library Current library Shelving location Date acquired Total Checkouts Barcode Date last seen Copy number Price effective from Koha item type
    Dewey Decimal Classification     London London Journal article 03/11/2000   109138-1001 06/08/2019 1 06/08/2019 Law report